Visualizzazione normale
Vista MARC
- Kniat R.
di Personal Name
Records bibliografici associati: 1
001 - CONTROL NUMBER
- control field: 24531
003 - CONTROL NUMBER IDENTIFIER
- control field: IT-RoPau
005 - DATE AND TIME OF LATEST TRANSACTION
- control field: 20140511154942.0
008 - FIXED-LENGTH DATA ELEMENTS
- fixed length control field: 140511|| aca||aabn | a|a d
040 ## - CATALOGING SOURCE
- Original cataloging agency: IT-RoPau
- Transcribing agency: IT-RoPau
100 ## - HEADING--PERSONAL NAME
- Personal name: Kniat R.
- Miscellaneous information: Codice autore musica SPICS: 25085
- Relator term: Autore musica
- Name of part/section of a work: Pokochaj Moje Marzenia - Zwariowany Czas - Nie Mozna Zyc Samotnie - Zyc Aby Zyc - Nie Przesadza Sie Starych Drzew
670 ## - SOURCE DATA FOUND
- Source citation: Work cat.: (IT-RoPau)99565: AA.VV. 794, Country Album (Lp Pronit Plp 0073)